000
00297cam a2200109 4500
008
020326n2002 000 0 eng u
035
_a
(Sirsi) u117245
245
2
_a
A fresh beginning for European urban policy
260
_c
2002
490
_a
RICS European Alert
_v
January 2002, 1-2(2)
942
_n
0
999
_c
69844
_d
69844